| 000 | 00751nam a22002057a 4500 | ||
|---|---|---|---|
| 999 |
_c58737 _d58737 |
||
| 005 | 20220711170431.0 | ||
| 008 | 220711s2020eng xxu||||| |||| 00| 0 eng d | ||
| 020 | _a9781729463321 | ||
| 080 | _a657.15 W-21 | ||
| 100 |
_a Walther, M Larry _914364 |
||
| 245 |
_aFinancial Accounting Solutions Manual / _cLarry M, Walther. |
||
| 250 | _a2020 Edition | ||
| 264 |
_aUSA: _c2020. |
||
| 300 |
_a399.: pages, _b27 cm. |
||
| 440 |
_aPrinciples of Accounting.com _914365 |
||
| 653 | _aFinancial Accounting Solutions Manual | ||
| 653 | _aფინანსური აღრიცხვის გადაწყვეტილებების სახელმძღვანელო | ||
| 653 | _aბუღალტერია | ||
| 942 |
_2udc _cBK |
||